006120000a2200181000450024500790000030000120007950000390009165000240013065000190015465000140017365000310018765100220021865100220024004100140026210000220027626000490029877300830034710aVertebrate diversity, ecology, and conservation in neotropical dry forests a195-220 a14aRiqueza de especies14aBiogeografía14aEndemismo14aConservación biológica 4pAmérica Central 4pAmérica del Sur0 aEspañol1 aCeballos, Gerardo aCambridge University Press.bCambridgec19951 tIn Bullock, S. Mooney H. and Medina, F. eds./ Seasonally dry tropical forests